000 00503nam a2200181 a 4500
005 20210223123816.0
008 991125n 000 0 spa u
035 _aUPN01000068223
100 1 _aRodríguez Jiménez, José Raúl
_938355
222 0 _aUNIVERSIDAD FUTURA
245 0 0 _aCómo se Gestó ? el Conflicto de la UNISON
300 _a49-54
362 0 _a1992 Vol.4, no.10
653 0 _aEDUCACION SUPERIOR
653 0 _aINSTITUCIONES EDUCATIVAS
904 _aAC
_b006034
905 _aArticulo
999 _c64428
_d64428